[Event "Wch U26"]
[Site "Sofia"]
[Date "1994.??.??"]
[Round "5"]
[White "Novik, Maxim"]
[Black "Tabatadze, Tamaz"]
[Result "0-1"]
[WhiteElo "2480"]
[BlackElo "2390"]

1.e4 e6 2.d4 d5 3.Nc3 Bb4 4.e5 Ne7 5.a3 Bxc3+ 6.bxc3 c5 7.Nf3 Bd7 8.dxc5 Qa5
9.Bd3 Na6 10.O-O Nxc5 11.Rb1 Qc7 12.Be3 Na4 13.Bd4 Nc6 14.Ng5 h6 15.Qh5 Rf8
16.Nf3 Nxd4 17.cxd4 Nc3 18.Rb2 a6 19.Qg4 g6 20.Qf4 Rh8 21.Qf6 Rg8 22.Re1 Bb5
23.Bxg6 fxg6 24.Qxe6+ Kf8 25.Rb3 Kg7 26.Qf6+ Kh7 27.Re3 Ne2+ 28.Kh1 Rg7 29.Rxb5 axb5
30.Rxe2 Rxa3 31.Re1 Qe7 32.Qb6 Qb4 33.Rg1 Qc4 34.Qf6 Qxc2 35.e6 Qf5 36.Qd8 Qxe6
37.Re1 Qd7 38.Qf8 Rxf3 39.Qxf3 Rf7 40.Qc3 Rxf2 41.Qc5 Rf7 42.h3 Qc6 43.Qa7 b4
44.Rb1 Qc2 45.Re1 b3 46.Qb6 b2 47.Qb4 h5 48.Kh2 Kh6 49.Qb5 Rf2 50.Rg1 b1=Q  0-1

[Event "St Cugat op"]
[Site "St Cugat"]
[Date "1994.??.??"]
[Round "9"]
[White "Martin Gonzalez, A."]
[Black "Kolev, Atanas T"]
[Result "1/2-1/2"]
[WhiteElo "2435"]
[BlackElo "2495"]

1.e4 e6 2.d4 d5 3.Nc3 Bb4 4.e5 b6 5.a3 Bf8 6.Bb5+ Bd7 7.Bd3 c5 8.Nf3 Nc6
9.O-O Nge7 10.Re1 Ng6 11.Bg5 Qb8 12.Na2 cxd4 13.Bxg6 hxg6 14.Qd2 a5 15.Nc1 a4
16.Nd3 Qc7  1/2-1/2

[Event "St Feliu op"]
[Site "St Feliu"]
[Date "1994.??.??"]
[Round "6"]
[White "Narciso Dublan, Marc"]
[Black "Del Rio de Angeles, Gabriel"]
[Result "0-1"]
[WhiteElo "2340"]
[BlackElo "2335"]

1.e4 e6 2.d4 d5 3.Nc3 Bb4 4.e5 Ne7 5.Bd2 c5 6.a3 Bxc3 7.Bxc3 Nbc6 8.Nf3 cxd4
9.Nxd4 Nxe5 10.Nxe6 Bxe6 11.Bxe5 O-O 12.Bd3 Nc6 13.Bg3 Qb6 14.O-O Qxb2 15.Rb1 Qxa3
16.Rxb7 Na5 17.Rb1 Qe7 18.Re1 Qd7 19.Qh5 g6 20.Qh4 f6 21.Bb5 Qf7 22.Ba6 Rad8
23.Qd4 Nc4 24.Rb7 Rd7 25.Qxa7 Rxb7 26.Qxb7 Qxb7 27.Bxb7 Kf7 28.Ra1 Rd8 29.Bc6 Rc8
30.Ra7+ Kf8 31.Bb7 Re8 32.Ra8 Rxa8 33.Bxa8 Na3 34.c3 Nb5 35.Kf1 Nxc3 36.Ke1 Kf7
37.f3 Na4 38.Bc6 Nb6 39.Bb5 Bd7 40.Bd3 Ke6 41.Bf2 Nc8 42.h4 Ke5 43.Bg3+ Kd4
44.Kd2 f5 45.Bc7 Kc5 46.Bd8 Be6 47.Ba6 Na7 48.Be7+ Kb6 49.Be2 d4 50.g4 Kc6
51.gxf5 Bxf5 52.Bc4 Nc8 53.Bf8 Nd6 54.Bg8 h5 55.Bg7 Kc5 56.Bf8 g5 57.hxg5 h4
58.Bc4 h3 59.Bf1 h2 60.Bg2 Kd5 61.Bg7 Bh3 62.Bh1 Nf5 63.f4+ Kc4 64.Be5 Ng3
65.Bb7 h1=Q 66.Bxh1 Nxh1 67.g6 Ng3 68.g7 Be6 69.Ke1 Ne4 70.Ke2 d3+ 71.Ke3 d2
72.Ke2 Kb4  0-1

[Event "Rilton Cup9495"]
[Site "Stockholm"]
[Date "1994.??.??"]
[Round "7"]
[White "Kallgren, Mikael"]
[Black "Couso, Luis"]
[Result "0-1"]
[WhiteElo "2085"]
[BlackElo "2335"]

1.e4 e6 2.d4 d5 3.Nc3 Bb4 4.e5 Ne7 5.a3 Bxc3+ 6.bxc3 c5 7.Qg4 O-O 8.Bd3 Nbc6
9.Nf3 f5 10.exf6 Rxf6 11.Ne5 c4 12.Bg5 Nxe5 13.dxe5 Rf7 14.Bxe7 Rxe7 15.Be2 Bd7
16.Qd4 Be8 17.O-O Bg6 18.Ra2 Qc7 19.f4 a6 20.Rb1 Rf8 21.g3 b5 22.a4 bxa4
23.Rb4 Be8 24.Rb6 g5 25.Bg4 gxf4 26.Bxe6+ Kh8 27.Bxd5 fxg3 28.hxg3 Qxe5 29.Bxc4 Rf3
30.Kh2 Rxc3 31.Qxe5+ Rxe5 32.Bxa6 Rh5+ 33.Kg2 Bc6+ 34.Rxc6 Rxc6 35.Rxa4 Rxc2+
36.Kf3 Rc3+ 37.Kf4 Rh2 38.g4 Rf2+ 39.Ke4 Kg7 40.Rd4 Rf6 41.Bb5 Rcf3 42.Ke5 Re3+
43.Re4 Rxe4+ 44.Kxe4 Kg6 45.Bd7 Kg5 46.Ke3 Rf7 47.Bc8 Rc7 48.Ba6 Kxg4 49.Kf2 Rc2+
50.Be2+ Kf4 51.Kf1 Kg3 52.Bd3 Rc1+ 53.Ke2 h5  0-1

[Event "SVK-chT"]
[Site "?"]
[Date "1994.??.??"]
[Round "13"]
[White "Bartek, Ladislav"]
[Black "Lembak, Jurij"]
[Result "1/2-1/2"]
[WhiteElo "2200"]
[BlackElo "2265"]

1.e4 e6 2.d4 d5 3.Nc3 Bb4 4.e5 Ne7 5.Qg4 c5 6.a3 Bxc3+ 7.bxc3 Qc7 8.Qxg7 Rg8
9.Qxh7 cxd4 10.Ne2 Nbc6 11.f4 dxc3 12.Qd3  1/2-1/2

[Event "SWZ-chT"]
[Site "SWZ"]
[Date "1994.??.??"]
[Round "4"]
[White "Georg, Michel"]
[Black "Benz, Rolf"]
[Result "1-0"]
[WhiteElo "2170"]
[BlackElo "2185"]

1.e4 e6 2.d4 d5 3.Nc3 Bb4 4.e5 Ne7 5.a3 Bxc3+ 6.bxc3 c5 7.Qg4 O-O 8.Bd3 f5
9.exf6 Rxf6 10.Bg5 Rf7 11.Qh4 h6 12.Bxe7 Qxe7 13.Qxe7 Rxe7 14.Nf3 Nd7 15.O-O-O c4
16.Bg6 Nf8 17.Bh5 Bd7 18.Ne5 Be8 19.Bg4 Ng6 20.Rhe1 Nxe5 21.Rxe5 Bd7 22.f4 Kf7
23.Rde1 g6 24.Bf3 Rae8 25.h4 Kf6 26.g4 Bc6 27.h5 gxh5 28.Rxh5 Kg6 29.Rhe5 Kf6
30.Rh1 Kg6 31.g5 Rh8 32.Rxh6+ Rxh6 33.gxh6 Kxh6 34.Bg4 Bd7 35.f5 Kg5 36.Bf3 Kf6
37.fxe6 Rxe6 38.Rh5 Kg6 39.Rxd5 Bc6 40.Bh5+ Kh6 41.Rc5 Re1+ 42.Kd2 Ra1 43.Be2 Rxa3
44.Bxc4 Ra4 45.Bb3 Ra1 46.d5 Be8 47.Rc8 Bh5 48.Ke3 a5 49.Ra8 b5 50.d6 a4
51.d7 Re1+ 52.Kf2 Re2+ 53.Kf1  1-0

[Event "SWZ-chT"]
[Site "SWZ"]
[Date "1994.??.??"]
[Round "6"]
[White "Kiefer, Gerhard"]
[Black "Leuba, Didier"]
[Result "1/2-1/2"]
[WhiteElo "2255"]
[BlackElo "2265"]

1.e4 e6 2.d4 d5 3.Nc3 Bb4 4.e5 Ne7 5.Bd2 c5 6.Nb5 Bxd2+ 7.Qxd2 O-O 8.dxc5 Nd7
9.f4 Nxc5 10.Nd6 Qb6 11.O-O-O Bd7 12.Nf3 f6 13.Be2 Ng6 14.Rhe1 fxe5 15.fxe5 Nxe5
16.Nxe5 Qxd6 17.Bg4 Rf6 18.Qd4 Bc6 19.g3 a5 20.a3 Qf8 21.Nd3 Ne4 22.Kb1 Re8
23.c4 Kh8 24.Ka1 Ba4 25.Rc1 Nd2 26.Nc5 Qxc5 27.Qxd2 dxc4 28.Qc3 Bc6 29.Qxc4 Qxc4
30.Rxc4 e5 31.Rc5 e4 32.Rxa5 Rf2 33.Re2 Rxe2 34.Bxe2 g6 35.b4 Rf8 36.b5 Bd5
37.b6 Bc6 38.Rc5 Rf6 39.Kb2 Bd7 40.Rc7 Rxb6+ 41.Kc3 Rc6+ 42.Rxc6 Bxc6 43.Kd4 Kg7
44.Bf1 Kf6 45.h4 g5 46.hxg5+ Kxg5 47.Be2 h5 48.Bd1 Kg6 49.Ke5 Kg5 50.Kd4  1/2-1/2

[Event "Terrassa op"]
[Site "Terrassa"]
[Date "1994.??.??"]
[Round "9"]
[White "Mellado Trivino, Juan"]
[Black "Campos Moreno, Javier B"]
[Result "1/2-1/2"]
[WhiteElo "2400"]
[BlackElo "2445"]

1.e4 e6 2.d4 d5 3.Nc3 Bb4 4.e5 Ne7 5.Bd2 O-O 6.Nf3 c5 7.a3 Bxc3 8.Bxc3 b6
9.b4 Nec6 10.b5 cxd4 11.Bd2 Ne7 12.Bb4 Nd7 13.Qxd4 a5 14.bxa6 Bxa6 15.Bxa6 Rxa6
16.O-O Re8 17.c4 Nc6 18.Qf4 dxc4 19.Qxc4 Qa8 20.Bd6 Ra4 21.Qb5 Ra5 22.Qb2 Rc8
23.Rfd1 h6 24.Rac1 Qb7 25.h3 Raa8 26.Qe2 Na7 27.Nd4 Rxc1 28.Rxc1 Rc8 29.Rxc8+ Qxc8
30.Qe4 Nc5 31.Qc2 Nc6 32.Nf3 Na5 33.Nd4 Nab7 34.Qb1 Nd7 35.Qe4 Nxd6 36.exd6 Qc1+
37.Kh2 Qc5 38.Qc6 Qxd4 39.Qxd7 Qf4+  1/2-1/2

[Event "Timisoara (Women)"]
[Site "Timisoara"]
[Date "1994.??.??"]
[Round "6"]
[White "Peptan, Corina"]
[Black "Cosma, Elena Luminita"]
[Result "0-1"]
[WhiteElo "2255"]
[BlackElo "2320"]

1.e4 e6 2.d4 d5 3.Nc3 Bb4 4.e5 Ne7 5.Bd2 c5 6.Nb5 Bxd2+ 7.Qxd2 O-O 8.dxc5 Nd7
9.Qc3 a6 10.Nd6 Qc7 11.Nf3 Qxc5 12.Qxc5 Nxc5 13.Bd3 Nc6 14.O-O Rd8 15.Nxc8 Raxc8
16.Rad1 Nb4 17.a3 Nbxd3 18.cxd3 Nb3 19.Ne1 Rc6 20.f4 Rdc8 21.Rf2 Kf8 22.Re2 Nd4
23.Red2 h5 24.Kf2 Ke7 25.Ke3 Nf5+ 26.Kf2 Nd4 27.Ke3 Nb3 28.Re2 d4+ 29.Kf2 Rc5
30.Nf3 g6 31.g3 a5 32.Kf1 b5 33.Rde1 a4 34.Rd1 b4 35.axb4 Rb5 36.Ne1 Rxb4
37.Rc2 Rcb8 38.Ke2 Kd7 39.Rc4 Rxc4 40.dxc4 Kc6 41.Nd3 Nc5 42.Ra1 Rb3 43.Nxc5 Rxb2+
44.Kd3 Kxc5 45.Rxa4 Rb3+ 46.Ke2 h4 47.gxh4 Rh3 48.Ra7 Kxc4 49.Rc7+ Kd5 50.Rd7+ Ke4
51.Rxf7 Rxh2+ 52.Ke1 d3 53.Re7 Ke3  0-1

[Event "Balkaniad"]
[Site "Varna"]
[Date "1994.??.??"]
[Round "5"]
[White "Sasu Ducsoara, Andrea"]
[Black "Todorovic, Violeta"]
[Result "1-0"]
[WhiteElo "2120"]
[BlackElo "2125"]

1.e4 e6 2.d4 d5 3.Nc3 Bb4 4.e5 Qd7 5.a3 Bxc3+ 6.bxc3 b6 7.f4 Ba6 8.Bxa6 Nxa6
9.Qd3 Nb8 10.Be3 Nc6 11.Ne2 Nge7 12.O-O Na5 13.g4 h5 14.f5 exf5 15.gxf5 O-O-O
16.Bg5 Rdg8 17.Kh1 Kb8 18.Rf3 Nec6 19.Nf4 Nd8 20.Re1 Re8 21.Rh3 Nc4 22.Rxh5 Rxh5
23.Nxh5 f6 24.e6 Qe7 25.Bh4 Rh8 26.Qf3 Nxa3 27.Rg1 Rh7 28.Qg4 Nxc2 29.Bf2 Qe8
30.Nxg7 Qh8 31.Rg2 Nc6 32.Qg6 Rh6 33.Qf7 Nd8 34.Qd7 Rh7  1-0

[Event "Vienna op"]
[Site "Vienna"]
[Date "1994.??.??"]
[Round "4"]
[White "Balinov, Ilija"]
[Black "Gasiunas, Natalia"]
[Result "1-0"]
[WhiteElo "2340"]
[BlackElo "2180"]

1.e4 e6 2.d4 d5 3.Nc3 Bb4 4.e5 Ne7 5.a3 Bxc3+ 6.bxc3 c5 7.Qg4 Kf8 8.h4 b6
9.h5 h6 10.Rh3 Ba6 11.Rf3 Kg8 12.Qf4 Qe8 13.a4 Bxf1 14.Kxf1 Nec6 15.g4 Qe7
16.Nh3 Nd7 17.g5 hxg5 18.Nxg5 Rf8 19.Qg4 f5 20.Qh4 Nd8 21.Rh3 Qe8 22.Kg2 Nf7
23.Nxf7 Qxf7 24.Bg5 Rc8 25.Rah1 Kh7 26.Rg3 cxd4 27.cxd4 Rc4 28.c3 Kg8 29.Bf6 Rh7
30.h6 Nxf6 31.exf6 g6 32.Qh5 Kh8 33.Rxg6 Rxc3 34.Rh3 Rc8 35.Rhg3 f4 36.R3g5 a6
37.Qg4  1-0

[Event "Villa Ballester op"]
[Site "Villa Ballester"]
[Date "1994.??.??"]
[Round "5"]
[White "Giaccio, Alfredo"]
[Black "Rodriguez, Andres"]
[Result "0-1"]
[WhiteElo "2410"]
[BlackElo "2350"]

1.e4 e6 2.d4 d5 3.Nc3 Bb4 4.e5 Ne7 5.a3 Bxc3+ 6.bxc3 c5 7.Nf3 b6 8.a4 Ba6
9.Bb5+ Bxb5 10.axb5 a5 11.dxc5 bxc5 12.c4 Nd7 13.cxd5 exd5 14.O-O h6 15.Bd2 Qb6
16.c4 dxc4 17.Qa4 Qe6 18.Bxa5 O-O 19.Qc2 Rfb8 20.Rfb1 Ng6 21.Qe4 Ra7 22.Bc3 Rab7
23.Ra5 Nf6 24.Qc2 Nd5 25.h3 Nc7 26.b6 Rxb6 27.Rxb6 Qxb6 28.Nd2 Nd5 29.Ra4 Ngf4
30.Kh2 Qc6 31.Rxc4 Nxg2 32.e6 f6 33.Qg6 Ngf4 34.Qg3 g5 35.Bxf6 Nxf6 36.Rxf4 Nh5
37.Qf3 Qd6 38.Qxh5 Qxf4+ 39.Kg2 Qf6 40.e7 Qc6+ 41.Kg1 Re8 42.Qe2 Kf7 43.Ne4 Rxe7
44.Qc4+ Kf8 45.f3 Re5 46.Kg2 Qd5 47.Qa6 Qe6 48.Qa5 Qe7 49.Qb6 Kg7 50.Qc6 h5
51.Ng3 Qf7 52.Qd6 Re3 53.Qd1 Qa2+ 54.Kg1 Qf7 55.Kf2 Ra3 56.Ne4  0-1

[Event "Werfen op"]
[Site "Werfen"]
[Date "1994.??.??"]
[Round "?"]
[White "Brandstaetter, Friedrich"]
[Black "Flecker, Wolfgang"]
[Result "1-0"]
[WhiteElo "2105"]
[BlackElo "2115"]

1.e4 e6 2.d4 d5 3.Nc3 Bb4 4.e5 Ne7 5.a3 Bxc3+ 6.bxc3 c5 7.Nf3 Nbc6 8.Be2 Bd7
9.O-O Qc7 10.a4 Na5 11.Re1 f6 12.dxc5 fxe5 13.Nxe5 Nac6 14.Bf4 O-O 15.Nxc6 Qxc6
16.Be5 Qxc5 17.Bd4 Qc8 18.Bd3 Qe8 19.a5 Nc6 20.Bc5 Rf7 21.Re3 e5 22.c4 d4
23.Re2 Bf5 24.Qd2 Bxd3 25.cxd3 Qd7 26.Re4 Qc7 27.g3 Qd7 28.Kg2 Qf5 29.Qe2 h6
30.Bd6 Re8 31.f4 Re6 32.Bxe5 Nxe5 33.Rxe5 Rxe5 34.fxe5 Qe6 35.Qe4 b6 36.Qxd4 bxa5
37.Qe4 Re7 38.Rxa5 a6 39.Qd5 Kh7 40.Qxe6 Rxe6 41.d4  1-0

[Event "Zabrzanski Wrzesien op"]
[Site "Zabrzanski Wrzesien"]
[Date "1994.??.??"]
[Round "?"]
[White "Hnydiuk, Aleksander"]
[Black "Masternak, Grzegorz"]
[Result "0-1"]
[WhiteElo "2220"]
[BlackElo "2345"]

1.e4 e6 2.d4 d5 3.Nc3 Bb4 4.e5 Ne7 5.a3 Bxc3+ 6.bxc3 c5 7.h4 Qc7 8.Nf3 Bd7
9.h5 h6 10.Rh4 Ba4 11.dxc5 Bc6 12.Rg4 Nd7 13.Rxg7 Nf5 14.Rg4 Nxe5 15.Bf4 Nxf3+
16.Qxf3 Qe7 17.Be5 Rf8 18.Bd3 f6 19.Bd4 O-O-O 20.Kf1 Ng7 21.Rg6 e5 22.Qg4+ Rd7
23.Be3 f5 24.Qb4 Rf6 25.Rxf6 Qxf6 26.f4 d4 27.cxd4 exd4 28.Bf2 Nxh5 29.Re1 Qg6
30.g3 Rd8 31.Qb3 Bd5 32.Bc4 Bxc4+ 33.Qxc4 Nxg3+ 34.Bxg3 Qxg3 35.Qe6+ Kb8
36.Qe5+ Ka8 37.Re2 a6 38.c6 Qf3+ 39.Ke1 Qh1+ 40.Kf2 Qxc6 41.Qxf5 Rg8 42.Qe4 Qf6
43.Rd2 Qh4+ 44.Ke2 Qh2+ 45.Kd3 Rg3+ 46.Kc4 Rc3+  0-1

[Event "Alma Ata"]
[Site "Alma Ata"]
[Date "1995.??.??"]
[Round "3"]
[White "Katalymov, Boris N"]
[Black "Temirbaev, Serik"]
[Result "1-0"]
[WhiteElo "2455"]
[BlackElo "2490"]

1.e4 e6 2.d4 d5 3.Nc3 Bb4 4.e5 Qd7 5.a3 Bxc3+ 6.bxc3 b6 7.a4 Ba6 8.Bxa6 Nxa6
9.Qd3 Nb8 10.Qg3 f5 11.a5 Nc6 12.axb6 cxb6 13.Ne2 Qf7 14.h4 Nge7 15.h5 h6
16.Nf4 Na5 17.Ba3 Nec6 18.Ng6 Rg8 19.Qh4 Nc4 20.Rh3 Nxa3 21.Rxa3 Ne7 22.Nf4 Nc6
23.Rg3 Qe7 24.Qxe7+ Kxe7 25.Rg5 Nd8 26.c4 dxc4 27.d5 Kd7 28.dxe6+ Kc7 29.Nd5+  1-0

[Event "Arhus Sommer"]
[Site "Arhus"]
[Date "1995.??.??"]
[Round "8"]
[White "Nielsen, Lars Aaes"]
[Black "Jensen, Jacob Bjerre"]
[Result "1-0"]
[WhiteElo "2220"]
[BlackElo "2220"]

1.e4 e6 2.d4 d5 3.Nc3 Bb4 4.e5 Ne7 5.a3 Bxc3+ 6.bxc3 c5 7.Qg4 Qc7 8.Qxg7 Rg8
9.Qxh7 cxd4 10.Kd1 Nd7 11.Nf3 Nf8 12.Qd3 dxc3 13.Be3 Nf5 14.h4 Bd7 15.h5 a6
16.Nd4 Qxe5 17.Nxf5 Qxf5 18.Qxf5 exf5 19.Bd4 Rc8 20.Rb1 Rg4 21.Be5 b5 22.Rb4 Ke7
23.Rh3 Ne6 24.Rxc3 Rxc3 25.Bxc3 d4 26.Bd2 Rh4 27.Be2 Rh1+ 28.Be1 Bc6 29.g3 Kd6
30.f4 Kc5 31.Kd2 Rh2 32.Kd1 Be4 33.Rb2 Rh1 34.Kd2 Nc7 35.a4 Rh2 36.Kd1 Nd5
37.axb5 Ne3+ 38.Kc1 Rxe2 39.Bb4+ Kxb5 40.c4+  1-0

[Event "AUT-chT9495"]
[Site "?"]
[Date "1995.??.??"]
[Round "?"]
[White "Tolnai, Tibor"]
[Black "Farago, Ivan"]
[Result "1/2-1/2"]
[WhiteElo "2470"]
[BlackElo "2515"]

1.e4 e6 2.d4 d5 3.Nc3 Bb4 4.e5 Ne7 5.a3 Bxc3+ 6.bxc3 c5 7.Qg4 O-O 8.Bd3 f5
9.exf6 Rxf6 10.Bg5 Rf7 11.Bxe7 Rxe7 12.Qh4 h6 13.Qg3 c4 14.Bg6 Nc6  1/2-1/2

[Event "Balatonbereny op"]
[Site "Balatonbereny"]
[Date "1995.??.??"]
[Round "7"]
[White "Zila, Laszlo"]
[Black "De Francesco, Klaus"]
[Result "1-0"]
[WhiteElo "2215"]
[BlackElo "2280"]

1.e4 e6 2.d4 d5 3.Nc3 Bb4 4.e5 Qd7 5.a3 Bf8 6.f4 b6 7.Nf3 Ba6 8.Bxa6 Nxa6
9.Qd3 Nb8 10.O-O Ne7 11.Nd1 c5 12.Ne3 Nbc6 13.Kh1 cxd4 14.Nxd4 Nxd4 15.Qxd4 Nc6
16.Qd1 Be7 17.c3 O-O 18.Ng4 Na5 19.Be3 Qb5 20.Rb1 Qb3 21.Qe2 Qc4 22.Qf3 Nb3
23.Rbd1 f5 24.exf6 Bxf6 25.f5 Rad8 26.Qg3 Rde8 27.Bh6 Re7 28.Nxf6+ Rxf6 29.Bg5 Ref7
30.Bxf6 Rxf6 31.Rf4 Qc7 32.Rb4 Qxg3 33.hxg3 Nc5 34.fxe6 Ne4 35.Rxe4  1-0

[Event "Balatonbereny-C"]
[Site "Balatonbereny"]
[Date "1995.??.??"]
[Round "8"]
[White "Holzmann, Herbert"]
[Black "Portisch, Ferenc"]
[Result "1/2-1/2"]
[WhiteElo "2215"]
[BlackElo "2385"]

1.e4 e6 2.d4 d5 3.Nc3 Bb4 4.e5 Ne7 5.Bd2 b6 6.Qg4 Kf8 7.f4 c5 8.a3 Bxc3 9.bxc3 Qc7
10.Bd3 Ba6 11.Nf3 Bxd3 12.cxd3 Nbc6 13.O-O Na5 14.Rae1 c4 15.dxc4 Nxc4 16.Bc1 h5
17.Qh3 g6 18.Ng5 Qc8 19.f5 exf5 20.Qh4 Kg7 21.Nxf7 Kxf7 22.Qf6+ Kg8 23.Qxe7 Qd8
24.Qf6 Qxf6 25.exf6 Rh7 26.Re6 Rd7 27.Bf4 Rad8 28.Rfe1 Nd6 29.Bxd6 Rxd6 30.Re7 Rxf6
31.Rxa7 Rf7 32.Ra6 Rd6 33.Re8+ Kg7 34.Rb8 Rc7 35.h4 f4 36.Rbxb6 Rxb6 37.Rxb6 Rxc3
38.a4 Rc4 39.a5 Rxd4 40.a6 Ra4 41.Kf2 Ra3 42.Rd6 d4  1/2-1/2

[Event "Regionalliga SO9596"]
[Site "Bayern"]
[Date "1995.??.??"]
[Round "?"]
[White "Fuchs, Manfred"]
[Black "Weinberger, Wolfgang"]
[Result "0-1"]
[WhiteElo "2040"]
[BlackElo "2015"]

1.e4 e6 2.d4 d5 3.Nc3 Bb4 4.e5 Qd7 5.a3 Bxc3+ 6.bxc3 b6 7.Nf3 Ba6 8.Bd3 Bxd3
9.Qxd3 Nc6 10.a4 Na5 11.O-O Nc4 12.Re1 Ne7 13.Ng5 h6 14.Qh3 Ng6 15.Nf3 Qe7
16.Kh1 a5 17.Ra2 Qd7 18.Nd2 Nxd2 19.Bxd2 Qe7 20.Rf1 Qh4 21.Qd3 O-O 22.Rb2 Qg4
23.f3 Qh4 24.Rbb1 Rfc8 25.Be3 Ne7 26.g4 h5 27.Qd2 f6 28.Rg1 Rf8 29.Rg3 hxg4
30.fxg4 Kf7 31.Rf1 Qh7 32.g5 Qe4+ 33.Kg1 Nf5 34.gxf6 gxf6 35.Rf4 Nxg3 36.hxg3 Qh7
37.Rh4 Qg6 38.exf6 Qxg3+ 39.Qg2 Qxg2+ 40.Kxg2 Rg8+ 41.Kf3 Kxf6 42.Bf4 Rgc8
43.Rh6+ Ke7 44.Rh7+ Kd8 45.Bg5+ Ke8 46.Kf4 Kf8 47.Bf6 Rcb8 48.Kg5 b5 49.axb5 a4
50.Kg6 Ke8 51.Be5 a3 52.Kf6 a2 53.Kxe6 Rb6+ 54.Kxd5 a1=Q 55.Rh8+ Kf7 56.Rh7+ Kg6
57.Rg7+ Kh6 58.c4 Rd8+ 59.Ke4 Qe1+ 60.Kf3 Rf8+ 61.Kg4 Qe2+ 62.Kg3 Rg6+ 63.Rxg6+ Kxg6  0-1

[Event "Regionalliga NW9495"]
[Site "Bayern"]
[Date "1995.??.??"]
[Round "1"]
[White "Ehrler, Eberhard"]
[Black "Staeblein, Christian"]
[Result "1-0"]
[WhiteElo "2150"]
[BlackElo "2075"]

1.e4 e6 2.d4 d5 3.Nc3 Bb4 4.e5 Ne7 5.Qg4 c5 6.Nf3 Nbc6 7.a3 Bxc3+ 8.bxc3 O-O
9.Bd3 f5 10.exf6 Rxf6 11.Bg5 Rf7 12.Qh4 h6 13.Bxe7 Qxe7 14.Qxe7 Rxe7 15.Kd2 Bd7
16.Rae1 c4 17.Bg6 Be8 18.Bxe8 Raxe8 19.Ne5 Nxe5 20.Rxe5 Kf7 21.f4 g6 22.g4 Kf6
23.h4 Kg7 24.Rhe1 Kf6 25.R1e2 Kg7 26.f5 gxf5 27.gxf5 Kf6 28.Rf2 exf5 29.Rfxf5+ Kg7
30.Rxe7+ Rxe7 31.Rxd5 b6 32.Re5 Rf7 33.Ke3 Rf1 34.Re7+ Kg6 35.Rxa7 Kh5 36.d5 Rd1
37.Ke4 Kxh4 38.Ke5 Kg5 39.Rg7+ Kh4 40.d6 Re1+ 41.Kd5 h5 42.Kc6  1-0

[Event "Oberliga Bayern9495"]
[Site "Bayern"]
[Date "1995.??.??"]
[Round "1"]
[White "Ankerst, Mihael"]
[Black "Mischustov, Michael"]
[Result "0-1"]
[WhiteElo "2285"]
[BlackElo "2370"]

1.e4 e6 2.d4 d5 3.Nc3 Bb4 4.e5 Qd7 5.a3 Bxc3+ 6.bxc3 b6 7.Qg4 f5 8.Qh5+ Qf7
9.Qf3 Ba6 10.Bxa6 Nxa6 11.a4 Nb8 12.Ne2 Ne7 13.Ba3 c6 14.Nf4 Nd7 15.h4 O-O-O
16.c4 Nb8 17.a5 Ng6 18.axb6 axb6 19.Bd6 Nxf4 20.Qxf4 Kb7 21.O-O dxc4 22.Ra4 Na6
23.Rxc4 Nc7 24.Qf3 Qd7 25.Rb1 Nd5 26.Ra4 Ra8 27.Rxa8 Rxa8 28.c4 Nc7 29.Qb3 Ra6
30.g3 f4 31.Qf3 Qf7 32.Qe4 fxg3 33.fxg3 Qh5 34.Rf1 Ra2 35.Qe3 Qg6 36.Bxc7 Qc2
37.Rc1 Qh2+ 38.Kf1 Kxc7 39.Qf3 Qh3+ 40.Ke1 Qh2 41.Qf7+ Kb8 42.Qf8+ Kb7 43.Qe7+ Ka6  0-1

[Event "Regionalliga SW9495"]
[Site "Bayern"]
[Date "1995.??.??"]
[Round "3"]
[White "Eichler, Christoph"]
[Black "Muench, Klaus Norbert"]
[Result "1-0"]
[WhiteElo "1945"]
[BlackElo "1940"]

1.e4 e6 2.d4 d5 3.Nc3 Bb4 4.e5 Qd7 5.Nf3 b6 6.Be2 Ba6 7.O-O Ne7 8.a3 Bxc3
9.bxc3 O-O 10.a4 Bxe2 11.Qxe2 Nbc6 12.Qd3 f5 13.exf6 gxf6 14.c4 dxc4 15.Qxc4 Qd5
16.Qe2 Nf5 17.c4 Qd7 18.Bb2 Rad8 19.Rad1 Rfe8 20.Qc2 Na5 21.Rfe1 Nd6 22.Nd2 Re7
23.c5 Ne8 24.Ne4 Qd5 25.Nc3 Qb3 26.Qe2 bxc5 27.dxc5 Red7 28.Rxd7 Rxd7 29.Ne4 e5
30.Qg4+ Rg7 31.Qc8 Kf7 32.Bc3 Qb7 33.Qd7+ Kf8 34.Qe6 Qc6 35.Qf5 Nc4 36.g3 Qd7
37.Qh5 Qe6 38.Qe2 Re7 39.Bb4 h6 40.Rc1 a5 41.Be1 Na3 42.Bxa5 f5 43.Nd2 Qc6
44.Nc4 Qxa4 45.Nxe5 Qe4 46.Qxe4  1-0

[Event "Regionalliga NO9495"]
[Site "Bayern"]
[Date "1995.??.??"]
[Round "5"]
[White "Konsek, Peter"]
[Black "Leitermann, Thomas"]
[Result "0-1"]
[WhiteElo "1875"]
[BlackElo "2025"]

1.e4 e6 2.d4 d5 3.Nc3 Bb4 4.e5 Ne7 5.a3 Bxc3+ 6.bxc3 c5 7.Nf3 Qa5 8.Bd2 Qa4
9.Rb1 a6 10.dxc5 Qxa3 11.Bd3 Qxc5 12.O-O Nd7 13.Re1 h6 14.c4 Qc7 15.cxd5 Nxd5
16.c4 Ne7 17.Bb4 Nc5 18.Qd2 b6 19.Qe3 Bb7 20.Bxc5 bxc5 21.Rxb7 Qxb7 22.Be4 Nc6
23.Qxc5 Rc8 24.Rb1 Ne7 25.Bxb7 Rxc5 26.Bxa6 O-O 27.Re1 Ra8 28.Bb5 Nc6 29.g3 Ra3
30.Kg2 Na7 31.Nd4 Rd3 32.Re4 Nxb5 33.Nxb5 Rd2 34.Kf3 Kf8 35.Ke3 Rd1 36.Ke2 Ra1
37.h4 Ke7 38.f4 f6 39.Kd3 fxe5 40.fxe5 Ra4 41.Nd6 Rca5 42.Kd4 Ra1 43.Nb5 R5a2
44.Kc5 Rg2 45.Re3 Rag1 46.Ra3 Rxg3 47.Ra7+ Kf8 48.Kd6 Rg4 49.Kxe6 Kg8 50.c5 Rc1
51.Kd6 Rd1+ 52.Kc6 Rxh4 53.Nd6 Re1 54.Re7 Rh2 55.e6 Rc2 56.Re8+ Kh7 57.e7 h5
58.Nc8 h4 59.Rd8 Rce2 60.Kd7 h3 61.e8=Q Rxe8 62.Rxe8 Rd1+ 63.Nd6 h2 64.c6 h1=Q
65.c7 Qd5 66.Re6 Rc1  0-1

[Event "Belgrade (Women)"]
[Site "Belgrade"]
[Date "1995.??.??"]
[Round "8"]
[White "Nikolin, Zorica"]
[Black "Vuksanovic, Sanja"]
[Result "0-1"]
[WhiteElo "2300"]
[BlackElo "2275"]

1.e4 e6 2.d4 d5 3.Nc3 Bb4 4.e5 b6 5.a3 Bxc3+ 6.bxc3 Qd7 7.f4 Ne7 8.Nf3 Qa4
9.Bd3 Ba6 10.O-O c5 11.Be3 Nd7 12.Bf2 Rc8 13.Qd2 O-O 14.Rfb1 cxd4 15.cxd4 Bxd3
16.cxd3 a5 17.Qb2 Rc2 18.Qb3 Qxb3 19.Rxb3 Rfc8 20.Kf1 Kf8 21.g4 Ke8 22.h3 R2c3
23.Rxc3 Rxc3 24.Ke2 Rc2+ 25.Nd2 Nc6 26.Kd1 Rc3 27.Rc1 Rxc1+ 28.Kxc1 Ndb8
29.Kb2 Na6 30.Nb1 Nc7 31.Nc3 Kd7 32.Kb3 Kc8 33.Be3 Kb7 34.Bf2 b5 35.Ne2 Kb6
36.Be3 a4+ 37.Kb2 b4 38.axb4 Nxb4 39.Nc1 Nb5 40.Bf2 Nc6 41.f5 exf5 42.gxf5 Ne7
43.f6 gxf6 44.Bh4 Nf5 45.Bxf6 Nfxd4 46.Na2 a3+ 47.Kb1 Ka5 48.Be7 Ka4 49.Bb4 Kb3
50.Bd2 Ne2 51.h4 Nbc3+ 52.Nxc3 Nxc3+ 53.Ka1 a2 54.d4 Nb5  0-1

[Event "Benasque"]
[Site "Benasque"]
[Date "1995.??.??"]
[Round "1"]
[White "Martin Gonzalez, Angel"]
[Black "Psakhis, Lev"]
[Result "0-1"]
[WhiteElo "2420"]
[BlackElo "2610"]

1.e4 e6 2.d4 d5 3.Nc3 Bb4 4.e5 Ne7 5.Bd2 b6 6.Qg4 Nf5 7.Bd3 h5 8.Qf4 g5 9.Qxg5 Qxg5
10.Bxg5 Nxd4 11.O-O-O Be7 12.h4 c5 13.Nge2 Nxe2+ 14.Bxe2 a6 15.f4 Nc6 16.Bf3 Nd4
17.Rxd4 cxd4 18.Ne2 Bd7 19.Nxd4 Rc8 20.Kd2 Bc5 21.Ne2 d4 22.Ng3 Bb4+ 23.Kd1 Ba4
24.b3 Bc6 25.Be2 Be7 26.Rh2 Bxg5 27.hxg5 h4 28.Nh5 Ke7 29.Nf6 Bb5 30.Bf3 Rc3
31.Be4 Re3 32.a4 Bf1 33.Rh1 Rxe4 34.Nxe4 Bxg2 35.Re1 h3 36.Ng3 h2 37.Nh1 Rh4
38.Kd2 Rxf4 39.Kd3 Kf8 40.b4 Kg7  0-1

[Event "Berliner Sommer"]
[Site "Berlin"]
[Date "1995.??.??"]
[Round "4"]
[White "Ahlberg, Guenter"]
[Black "Dizdar, Goran"]
[Result "0-1"]
[WhiteElo "2240"]
[BlackElo "2535"]

1.e4 e6 2.d4 d5 3.Nc3 Bb4 4.e5 b6 5.Qg4 Bf8 6.Nf3 Qd7 7.Be2 Ba6 8.O-O Ne7
9.Be3 Nf5 10.a3 Be7 11.Bxa6 Nxa6 12.Ne2 h5 13.Qh3 Qb5 14.Nc3 Qc6 15.Bd2 O-O-O
16.Ng5 Rhf8 17.Qd3 Qc4 18.Ne2 c5 19.Nf3 Kb7 20.Qxc4 dxc4 21.c3 cxd4 22.Nexd4 Nxd4
23.cxd4 Nb8 24.Be3 Nc6 25.Rfd1 Rd5 26.Nd2 Nxd4 27.Nxc4 Nb3 28.Rab1 Rfd8 29.Rxd5 Rxd5
30.a4 Na5 31.Nd2 Rxe5 32.Bd4 Rd5 33.Bc3 Nc6 34.Nf3 f6 35.Kf1 Kc7 36.b4 b5
37.a5 e5 38.Ke2 Kd7 39.Ne1 Nd4+ 40.Bxd4 Rxd4 41.Nc2 Rc4 42.Kd2 Ke6 43.f3 a6
44.Rb3 f5 45.g3 h4 46.Kd1 g6 47.Kd2 Bd6 48.Rc3 Rxc3 49.Kxc3 h3 50.Ne3 e4
51.Nd1 Bxg3 52.hxg3 h2 53.Nf2 e3  0-1

[Event "Berliner Sommer"]
[Site "Berlin"]
[Date "1995.??.??"]
[Round "5"]
[White "Timoshenko, Georgy"]
[Black "Berelovich, Aleksandar"]
[Result "1-0"]
[WhiteElo "2550"]
[BlackElo "2455"]

1.e4 e6 2.d4 d5 3.Nc3 Bb4 4.e5 Ne7 5.a3 Bxc3+ 6.bxc3 c5 7.Qg4 O-O 8.Bd3 f5
9.exf6 Rxf6 10.Bg5 Rf7 11.Qh5 g6 12.Qd1 Nbc6 13.Nf3 Qf8 14.O-O c4 15.Be2 h6
16.Be3 Bd7 17.Qd2 Kh7 18.h3 Nf5 19.Nh2 Qg7 20.f4 Raf8 21.Bf2 Nd6 22.Bf3 b5
23.Ng4 a5 24.Ne5 Rxf4 25.Nxc6 Bxc6 26.Bg3 Ne4 27.Qxf4 Rxf4 28.Bxf4 Nxc3 29.Be5 Qe7
30.Rf2 Be8 31.Raf1 Bf7 32.Bg4 Bg8 33.Rf8 h5 34.Bxe6 Qxe6 35.R1f6 Qe7 36.Rc8 b4
37.axb4 Qxb4 38.Rff8 Qe7 39.Rc7  1-0

[Event "Bern op"]
[Site "Bern"]
[Date "1995.??.??"]
[Round "1"]
[White "Roth, Martin"]
[Black "Gulko, Boris F"]
[Result "0-1"]
[WhiteElo "2190"]
[BlackElo "2595"]

1.e4 e6 2.d4 d5 3.Nc3 Bb4 4.e5 b6 5.Qg4 Bf8 6.Be3 Ne7 7.Bd3 Ba6 8.Nb5 Nf5
9.Bg5 Qd7 10.a4 c6 11.Nc3 Bxd3 12.cxd3 Na6 13.Be3 c5 14.Nb5 Nb4 15.Kd2 a6
16.Nc3 cxd4 17.Bxd4 h5 18.Qf4 g5  0-1